000 00536nam a2200193Ia 4500
003 GCL
008 140319s9999 xx 000 0 eng d
040 _aGCL /
_cGCL
082 0 4 _a403.8
_bC A
100 1 _aCATAFAGO, JOAEPH
245 1 0 _aAN ARABIC AND ENGLISH LITERARY DICTIONARY: 3th ED /
_cCATAFAGO, JOAEPH
260 _a[S.N] :
_bLIBRAIRIE DU LIBAN ،
_c1988
300 _a1096 P
650 0 4 _aLITERATURE
650 0 4 _aDICTIONARIES
650 0 4 _aENGLISH LANGUAGE
650 0 4 _aARABIC - ENGLISH - DICTIONARY
942 _2ddc
_cBK
999 _c16970
_d16970